00329 a2200109 4500001001000000005001700010008004100027245004600068100002000114773006800134999001700202ART_4225520260410161807.0260409a 10aReforma de la ley de concursos. Ley 266841 aMoro, Carlos E.0 tDoctrina Societaria y Concursalg- NÂș 287 (oct. 2011)wREV4298 c21083d21083